Le nouvel hypnotisme / (Record no. 160287)
[ view plain ]
| 000 -LEADER | |
|---|---|
| campo de control de longitud fija | 00943nam a22002655i 4500 |
| 001 - NÚMERO DE CONTROL | |
| campo de control | 160287 |
| 003 - IDENTIFICADOR DE NÚMERO DE CONTROL | |
| campo de control | ES-MaACL |
| 005 - FECHA Y HORA DE LA ÚLTIMA TRANSACCIÓN | |
| campo de control | 20250714063115.0 |
| 008 - DATOS DE LONGITUD FIJA--INFORMACIÓN GENERAL | |
| campo de control de longitud fija | 040920s1888 fr acf |||| | fre d |
| 040 ## - FUENTE DE CATALOGACIÓN | |
| Centro catalogador/agencia de origen | CAM |
| Lengua de catalogación | spa |
| Centro/agencia transcriptor | CAM |
| 080 ## - NÚMERO DE LA CLASIFICACIÓN DECIMAL UNIVERSAL | |
| Número de la Clasificación Decimal Universal | 159.962 |
| 100 1# - ENTRADA PRINCIPAL--NOMBRE DE PERSONA | |
| Nombre de persona | Moutin, Lucien, |
| Fechas asociadas al nombre | 1854-1913 |
| Término indicativo de función/relación | Autor |
| 9 (RLIN) | 130257 |
| 245 13 - MENCIÓN DEL TÍTULO | |
| Título | Le nouvel hypnotisme / |
| Mención de responsabilidad, etc. | par L. Moutin ; [ilustrations de P. Maurou]. |
| 260 ## - PUBLICACIÓN, DISTRIBUCIÓN, ETC. | |
| Lugar de publicación, distribución, etc. | Paris : |
| Nombre del editor, distribuidor, etc. | Perrin et Cie., |
| Fecha de publicación, distribución, etc. | 1888 |
| Fabricante | (Imp. E. Capiomont et C.) |
| 300 ## - DESCRIPCIÓN FÍSICA | |
| Extensión | 220 páginas, [3] hojas de láminas : |
| Otras características físicas | ilustraciones ; |
| Dimensiones | 19 cm. |
| 490 1# - MENCIÓN DE SERIE | |
| Mención de serie | Bibliothèque acadèmique |
| 594 ## - Nota al título y mención de responsabilidad | |
| Nota al título y mención de responsabilidad | Datos de il. y serie tomados de cub. |
| 650 04 - PUNTO DE ACCESO ADICIONAL DE MATERIA--TÉRMINO DE MATERIA | |
| Término de materia o nombre geográfico como elemento de entrada | Hipnosis. |
| 9 (RLIN) | 13363 |
| 700 1# - ENTRADA AGREGADA--NOMBRE PERSONAL | |
| 9 (RLIN) | 241272 |
| Nombre de persona | Maurou, Paul, |
| Fechas asociadas al nombre | 1848-1931 |
| Término indicativo de función/relación | Ilustrador |
| 830 #0 - PUNTO DE ACCESO ADICIONAL DE SERIE-TÍTULO UNIFORME | |
| Título uniforme | Bibliothèque acadèmique |
| 9 (RLIN) | 222037 |
| 852 ## - LOCALIZACIÓN | |
| Ubicación | ES-MaACL |
| Ubicación en estantería | Sala Valle Inclán |
| Marcas de propiedad | Sello Roda |
| Donativo/Legado | Donativo Roda |
| Número de control de estantería | D-1005 |
| 942 ## - ELEMENTOS DE ENTRADA SECUNDARIOS (KOHA) | |
| Fuente del sistema de clasificación o colocación | Clasificación decimal universal |
| Tipo de ítem Koha | Libro impreso antiguo |
| Suprimir en OPAC | No |
| Estatus retirado | Estado de pérdida | Fuente del sistema de clasificación o colocación | Estado de daño | No para préstamo | Colección | Biblioteca de origen | Biblioteca actual | Ubicación en estantería | Fecha de adquisición | Fuente de adquisición | Total de préstamos | Signatura topográfica completa | Código de barras | Visto por última vez | Tipo de ítem Koha |
|---|---|---|---|---|---|---|---|---|---|---|---|---|---|---|---|
| Clasificación decimal universal | Libros del s. XIX | Biblioteca del Ateneo de Madrid | Biblioteca del Ateneo de Madrid | Sala Valle Inclán | 17/01/2008 | Donación | D-1005 | 901167832 | 23/02/2023 | Libro impreso antiguo |
